000 00668nam a22002057a 4500
005 20150514144212.0
010 _aENG-112653
020 _a9789382396185
_c475.00
035 _aEN-96185
037 _bDBAD/PUB
082 _a346.0482
100 _aGhosh, Arjun
245 0 0 _aFreedom from profit :
_cby Arjun Ghosh
_beschewing copyright in resistance art /
260 _aShimla
_bIndian Institute of Advanced Study
_c2014
270 _aRashtrapati Nivas
_bShimla
_e171005
300 _a97p.
_c22cm(Hb)
500 _aIncludes bibliographical references (pages 93-97).
650 _a Copyright.
942 _2ddc
_cEN
_mGHO
_h346.0482
999 _c92835
_d92835